Guinness World Records: Basketball - Statistics

General Stats
  • This quiz has been taken 30 times
  • The average score is 5 of 8
Answer Stats
Record # Answer % Correct
Most 30 point games in postseason 110 Lebron James
86%
Most three-point field goals in a game 14 Klay Thompson
79%
Most consecutive triple doubles 11 Russell Westbrook
79%
Most three point field goals in a final game 9 Stephen Curry
57%
Highest scoring triple double 60 James Harden
54%
Most season on the same team 21 Dirk Nowitzki
50%
Most three point field goals 27 Houston Rockets
32%
Fastest triple double 14 min 33 sec Nikola Jokic
21%
No matching quizzes found
Score Distribution
Percent of People with Each Score
Percentile by Number Answered
Your Score History
You have not taken this quiz